2025 Season F1 - Statistics

General Stats
  • This quiz has been taken 30 times
  • The average score is 10 of 15
Answer Stats
Question Answer % Correct
Which team won the World Constructor Championship in 2025 ? Mclaren
100%
Which rookie got the most points in 2025 ? Kimi Antonelli
96%
Which F1 team has the most championships ? Ferrari
93%
Who is the driver with the most F1 Grand Prix entry in 2025 ? Fernando Alonso
85%
Which one of these drivers got a podium in 2025 ? Carlos Sainz
81%
Which driver won his home race in 2025 ? Lando Norris
81%
Which 2025 rookie got their first podium in F1 first ? Kimi Antonelli
78%
Which driver got 'Driver of the Day' while dropping to 10th position ? Max Verstappen
70%
Which one of those drivers got their 11 first wins on 11 differents tracks ? Lando Norris
67%
Which one of those driver wasn't on the 2025 Monaco podium ? Max Verstappen
56%
In which year did Mclaren get their first race win ? 1968
48%
Who is the lastest driver to get their first win in F1 in 2025 ? Oscar Piastri
48%
Who won the 2025 Belgium Grand Prix ? Oscar Piastri
44%
Which one who these driver is a Grand Prix winner ? Jochen Mass
30%
Which one of these drivers isn't a Grand Prix winner ? Gilles Villeneuve
7%
No matching quizzes found
Score Distribution
Percent of People with Each Score
Percentile by Number Answered
Your Score History
You have not taken this quiz